000 00520nam a2200169Ia 4500
005 20260601193245.0
008 260601s9999||||xx |||||||||||||| ||und||
020 _a978-3-031-55561-9
_qebk
100 _aCarlton Shepherd
245 0 _aTrusted Execution Environments
250 _a2024
260 _aHeidelberg, Germany
_bSpringer Nature
_c2024
650 _aComputer Science
700 _aKonstantinos Markantonakis
856 _uhttps://link.springer.com/openurl?genre=book&isbn=978-3-031-55561-9
942 _cEB
_2ddc
999 _c56540
_d56540